书目信息 |
| 题名: |
新编中国法制史教程
|
|
| 作者: | 薛梅卿 主编 | |
| 分册: | ||
| 出版信息: | 北京 中国政法大学出版社 1995.03 |
|
| 页数: | 476页 | |
| 开本: | 32开 | |
| 丛书名: | ||
| 单 册: | ||
| 中图分类: | D929 | |
| 科图分类: | ||
| 主题词: | 法律--中国 | |
| 电子资源: | ||
| ISBN: | 7-5620-1374-8 | |
| 000 | 00570nam0 2200193 45 | |
| 001 | 0010241614 | |
| 005 | 20001024163634.2 | |
| 010 | @a7-5620-1374-8@d16.00元 | |
| 100 | @a20001024d1995 km y0chiy0120 ea | |
| 101 | 0 | @achi |
| 105 | @a z 000yy | |
| 200 | 1 | @a新编中国法制史教程@AXin Bian Zhong Guo Fa Zhi Shi Jiao Cheng@f薛梅卿主编@FXue Mei Qing Zhu Bian |
| 210 | @a北京@c中国政法大学出版社@d1995.03 | |
| 215 | @a476页@d32开 | |
| 606 | 0 | @a法律@x中国 |
| 690 | @aD929@v3 | |
| 701 | 0 | @a薛梅卿@4主编 |
| 801 | @aCN@bPftUser@c20001024 | |
| 905 | @b186459-463@dD929@eX684@f5 | |
| 新编中国法制史教程/薛梅卿主编.-北京:中国政法大学出版社,1995.03 |
| 476页;32开 |
| ISBN 7-5620-1374-8:16.00元 |
| ● |
| 相关链接 |
|
|
|
正题名:新编中国法制史教程
索取号:D929/X684
 
预约/预借
| 序号 | 登录号 | 条形码 | 馆藏地/架位号 | 状态 | 备注 |
| 1 | 186459 | 201864599 | 社科库509/509社科库 106排1列2层/ [索取号:D929/X684] | 在馆 | |
| 2 | 186460 | 201864606 | 社科库509/422社科库 38排2列3层/ [索取号:D929/X684] | 在馆 | |
| 3 | 186461 | 201864615 | 社科库509/422社科库 38排2列3层/ [索取号:D929/X684] | 在馆 | |
| 4 | 186462 | 201864624 | 法学院资料室/ [索取号:D929/X684] | 在馆 | |
| 5 | 186463 | 201864633 | 社科库509/509社科库 106排1列2层/ [索取号:D929/X684] | 在馆 |